Maroon (Lyrics)- Taylor Swift - Statistics

General Stats
  • This quiz has been taken 23 times
  • The average score is 313 of 349
Answer Stats
Answer % Correct
a
100%
came
100%
I
100%
morning
100%
my
100%
the
100%
The
100%
time
100%
We
100%
we
100%
were
100%
When
100%
when
100%
with
100%
you
100%
You
100%
your
100%
"Your
100%
again
92%
again?
92%
always
92%
closest
92%
dancing
92%
day
92%
every
92%
friend
92%
hallway
92%
hands
92%
hell
92%
how"
92%
how
92%
How
92%
in
92%
In
92%
it
92%
(It
92%
It
92%
lap
92%
leave
92%
legacy
92%
Like
92%
lips
92%
lost
92%
maroon
92%
(Maroon)
92%
maroon)
92%
me
92%
New
92%
no
92%
of
92%
on
92%
one
92%
roomates
92%
rosé
92%
say
92%
see
92%
shoes
92%
standing
92%
telephones
92%
to
92%
track
92%
t-shirt
92%
us
92%
was
92%
York
92%
Ain't
83%
And
83%
and
83%
anyway?"
83%
at
83%
between
83%
blind
83%
blood
83%
'Cause
83%
cheeks
83%
cleaning
83%
collarbone
83%
end
83%
ends?
83%
fucking
83%
grew
83%
hazy
83%
head
83%
hollow-eyed
83%
home
83%
"How'd
83%
incense
83%
into
83%
Laughing
83%
mark
83%
memory
83%
now
83%
off
83%
over
83%
real
83%
roses
83%
rushed
83%
rust
83%
saw
83%
scarlet
83%
shaking
83%
shelf
83%
silence
83%
sky
83%
So
83%
splashed
83%
that
83%
that's
83%
That's
83%
up
83%
used
83%
vinyl
83%
way
83%
wine
83%
burgundy
75%
call
75%
Carnations
75%
cheap-ass
75%
chose
75%
did
75%
feel
75%
feet
75%
floor
75%
gave
75%
had
75%
Looked
75%
lose
75%
rubies
75%
shit
75%
sight
75%
Sobbing
75%
thought
75%
wake
75%
matter
67%
screw-top
67%
what
67%
they
58%
No matching quizzes found
Score Distribution
Percent of People with Each Score
Percentile by Number Answered
Your Score History
You have not taken this quiz